[Event "Open International Graz"]
[Date "2026.02.15"]
[White "Skrbec, Leon"]
[Black "Dotzer, Lukas"]
[WhiteElo "2295"]
[BlackElo "2502"]
[Round "2.2.6"]
[Result "1-0"]

e4 {[%clk 1:28:40]} c5 {[%clk 1:30:57]} Nf3 {[%clk 1:29:02]} d6 {[%clk 1:31:24]}
d4 {[%clk 1:29:25]} cxd4 {[%clk 1:31:50]} Nxd4 {[%clk 1:29:47]} Nf6 {[%clk
1:32:15]} Nc3 {[%clk 1:30:07]} a6 {[%clk 1:27:28]} Be3 {[%clk 1:30:26]} e5
{[%clk 1:27:54]} Nb3 {[%clk 1:30:48]} Be6 {[%clk 1:28:19]} f3 {[%clk 1:31:10]}
h5 {[%clk 1:28:41]} Qd2 {[%clk 1:31:33]} Nbd7 {[%clk 1:28:39]} O-O-O {[%clk
1:31:17]} Rc8 {[%clk 1:25:09]} Nd5 {[%clk 1:25:48]} Nxd5 {[%clk 1:14:02]} exd5
{[%clk 1:26:11]} Bf5 {[%clk 1:14:29]} Bd3 {[%clk 1:26:31]} Bxd3 {[%clk 1:14:53]}
Qxd3 {[%clk 1:26:54]} Be7 {[%clk 1:14:02]} Kb1 {[%clk 1:27:15]} Bg5 {[%clk
1:14:01]} Bf2 {[%clk 1:24:03]} O-O {[%clk 1:09:03]} h4 {[%clk 1:21:08]} Bf4
{[%clk 1:08:01]} g3 {[%clk 1:09:24]} Bh6 {[%clk 1:08:27]} g4 {[%clk 1:08:14]}
Bf4 {[%clk 1:00:33]} gxh5 {[%clk 0:51:14]} f5 {[%clk 0:58:33]} Rhg1 {[%clk
0:51:30]} Qe8 {[%clk 0:54:28]} Na5 {[%clk 0:32:08]} Rc7 {[%clk 0:36:01]} Qa3
{[%clk 0:29:06]} Rf6 {[%clk 0:31:49]} Qb3 {[%clk 0:24:26]} e4 {[%clk 0:25:08]}
fxe4 {[%clk 0:23:23]} fxe4 {[%clk 0:25:25]} Bd4 {[%clk 0:18:34]} Ne5 {[%clk
0:21:02]} Nxb7 {[%clk 0:15:59]} Rh6 {[%clk 0:14:20]} Qb6 {[%clk 0:14:11]} Qb8
{[%clk 0:07:29]} Nxd6 {[%clk 0:06:54]} Qxb6 {[%clk 0:07:06]} Bxb6 {[%clk
0:07:20]} Rd7 {[%clk 0:07:07]} Nc8 {[%clk 0:04:05]} Nf3 {[%clk 0:01:31]} Rg2
{[%clk 0:03:55]} Rxh5 {[%clk 0:00:56]} c4 {[%clk 0:04:06]} e3 {[%clk 0:00:41]}
Ba5 {[%clk 0:02:02]} Rxh4 {[%clk 0:00:34]} c5 {[%clk 0:02:23]} Rh6 {[%clk
0:00:33]} Kc2 {[%clk 0:01:15]} Ne5 {[%clk 0:00:33]} d6 {[%clk 0:01:25]} Nc6
{[%clk 0:00:35]} Bc3 {[%clk 0:01:51]} Rh5 {[%clk 0:00:33]} Nb6 {[%clk 0:01:30]}
Rf7 {[%clk 0:00:33]} Nd5 {[%clk 0:01:57]} Be5 {[%clk 0:00:34]} Nxe3 {[%clk
0:10:14]} Bxc3 {[%clk 0:14:07]} bxc3 {[%clk 0:10:39]} Rxc5 {[%clk 0:13:27]} d7
{[%clk 0:10:37]} Rf8 {[%clk 0:10:24]} Nd5 {[%clk 0:07:13]} Rd8 {[%clk 0:09:49]}
Nf6+ {[%clk 0:06:50]} Kf8 {[%clk 0:09:10]} Ne8 {[%clk 0:05:59]} g5 {[%clk
0:05:35]} Nf6 {[%clk 0:02:21]} Rf5 {[%clk 0:03:15]} Ng4 {[%clk 0:01:27]} Rf4
{[%clk 0:00:35]} Rd6 {[%clk 0:01:33]} Ne7 {[%clk 0:00:46]} Ne5 {[%clk 0:01:11]}
Rf5 {[%clk 0:00:46]} Re2 {[%clk 0:00:50]} Rf4 {[%clk 0:00:32]} Rh6 {[%clk
0:01:02]} Kg7 {[%clk 0:00:33]} Re6 {[%clk 0:01:07]} Ng8 {[%clk 0:00:33]} Rg6+
{[%clk 0:00:50]} Kf8 {[%clk 0:01:01]} Rxg5 {[%clk 0:01:07]} Rf1 {[%clk 0:00:35]}
Rg3 {[%clk 0:00:40]} Nf6 {[%clk 0:00:37]} Rd3 {[%clk 0:01:08]} Ra1 {[%clk
0:00:33]} Kb2 {[%clk 0:01:34]} Rf1 {[%clk 0:00:43]} c4 {[%clk 0:01:56]} Nh5
{[%clk 0:00:40]} Rdd2 {[%clk 0:01:43]} Nf6 {[%clk 0:00:36]} c5 {[%clk 0:01:58]}
Rf4 {[%clk 0:00:35]} Ng6+ {[%clk 0:02:23]}

[Variant "Standard"]
[Site "Europe Echecs"]

[Event "Open International Graz"]
[Date "2026.02.15"]
[White "Shengelia, David"]
[Black "Schneider, Jana"]
[WhiteElo "2487"]
[BlackElo "2291"]
[Round "2.2.7"]
[Result "1-0"]

Nf3 {[%clk 1:30:50]} d5 {[%clk 1:30:49]} b3 {[%clk 1:30:52]} Nf6 {[%clk
1:30:53]} Bb2 {[%clk 1:30:59]} e6 {[%clk 1:31:14]} e3 {[%clk 1:30:09]} Bd6
{[%clk 1:31:18]} d4 {[%clk 1:28:49]} O-O {[%clk 1:30:41]} Nbd2 {[%clk 1:28:36]}
b6 {[%clk 1:30:30]} Ne5 {[%clk 1:23:37]} Bb7 {[%clk 1:24:21]} f4 {[%clk
1:22:31]} Ne4 {[%clk 1:21:11]} Nxe4 {[%clk 1:22:05]} dxe4 {[%clk 1:21:32]} Be2
{[%clk 1:03:11]} c5 {[%clk 1:13:27]} O-O {[%clk 0:58:51]} Nc6 {[%clk 1:05:55]}
Nxc6 {[%clk 0:46:40]} Bxc6 {[%clk 1:06:17]} c4 {[%clk 0:47:07]} Be7 {[%clk
1:00:48]} Qe1 {[%clk 0:45:28]} Qc7 {[%clk 0:58:46]} f5 {[%clk 0:27:15]} exf5
{[%clk 0:56:14]} Rxf5 {[%clk 0:26:52]} cxd4 {[%clk 0:55:20]} Bxd4 {[%clk
0:25:32]} Rad8 {[%clk 0:50:39]} Qc3 {[%clk 0:22:24]} f6 {[%clk 0:48:54]} c5
{[%clk 0:20:32]} bxc5 {[%clk 0:41:07]} Bxc5 {[%clk 0:20:41]} Bd5 {[%clk
0:39:33]} Bd4 {[%clk 0:15:52]} Qxc3 {[%clk 0:24:11]} Bxc3 {[%clk 0:15:54]} Bb7
{[%clk 0:22:35]} Bc4+ {[%clk 0:11:37]} Kh8 {[%clk 0:23:00]} Bd4 {[%clk 0:08:56]}
a6 {[%clk 0:22:33]} Kf1 {[%clk 0:09:17]} g6 {[%clk 0:17:55]} Ra5 {[%clk
0:09:27]} Ra8 {[%clk 0:16:12]} Ke2 {[%clk 0:08:55]} h6 {[%clk 0:14:07]} Bc5
{[%clk 0:03:38]} Bxc5 {[%clk 0:13:25]} Rxc5 {[%clk 0:04:07]} Rac8 {[%clk
0:11:28]} Rxc8 {[%clk 0:04:00]} Bxc8 {[%clk 0:11:37]} Bd5 {[%clk 0:01:19]} f5
{[%clk 0:11:28]} Rc1 {[%clk 0:01:23]} Rd8 {[%clk 0:06:02]} Rc5 {[%clk 0:01:49]}
Bd7 {[%clk 0:03:29]} Bc4 {[%clk 0:02:08]} Ra8 {[%clk 0:02:24]} a4 {[%clk
0:02:21]} a5 {[%clk 0:01:48]} Rc7 {[%clk 0:02:43]} Be8 {[%clk 0:00:50]} Kd2
{[%clk 0:01:48]} g5 {[%clk 0:00:50]} g3 {[%clk 0:02:12]} Rd8+ {[%clk 0:00:35]}
Kc3 {[%clk 0:02:33]} Bg6 {[%clk 0:00:34]} Ra7 {[%clk 0:02:24]} Rd1 {[%clk
0:00:37]} Rxa5 {[%clk 0:02:31]} Re1 {[%clk 0:10:35]} Kd4 {[%clk 0:16:30]} Rd1+
{[%clk 0:07:24]} Ke5 {[%clk 0:16:38]} Rd8 {[%clk 0:07:32]} Bd5 {[%clk 0:15:13]}
f4 {[%clk 0:06:05]} gxf4 {[%clk 0:15:35]} gxf4 {[%clk 0:06:18]} Kxf4 {[%clk
0:15:49]} Rf8+ {[%clk 0:04:30]} Ke5 {[%clk 0:16:06]} Rf3 {[%clk 0:04:33]} Ra8+
{[%clk 0:16:07]} Kg7 {[%clk 0:04:54]} Rg8+ {[%clk 0:15:17]}

[Variant "Standard"]
[Site "Europe Echecs"]

[Event "Open International Graz"]
[Date "2026.02.15"]
[White "Filindash, Nikita"]
[Black "Travadon, Loic"]
[WhiteElo "2289"]
[BlackElo "2483"]
[Round "2.2.8"]
[Result "0-1"]

d4 {[%clk 1:30:58]} d5 {[%clk 1:25:30]} c4 {[%clk 1:31:23]} e6 {[%clk 1:25:45]}
Nc3 {[%clk 1:31:52]} Nf6 {[%clk 1:26:04]} cxd5 {[%clk 1:32:18]} exd5 {[%clk
1:25:56]} Bg5 {[%clk 1:32:45]} c6 {[%clk 1:26:13]} e3 {[%clk 1:33:11]} Bd6
{[%clk 1:26:20]} Bd3 {[%clk 1:33:06]} O-O {[%clk 1:26:37]} Qc2 {[%clk 1:31:13]}
h6 {[%clk 1:26:07]} Bh4 {[%clk 1:31:41]} Re8 {[%clk 1:26:25]} Nf3 {[%clk
1:27:09]} Be6 {[%clk 1:18:46]} Ne5 {[%clk 1:23:25]} c5 {[%clk 1:19:10]} O-O
{[%clk 1:15:46]} Nc6 {[%clk 1:19:31]} Nxc6 {[%clk 1:08:13]} bxc6 {[%clk
1:19:56]} Bxf6 {[%clk 1:03:26]} Qxf6 {[%clk 1:20:18]} dxc5 {[%clk 1:03:50]} Bxc5
{[%clk 1:20:44]} Ne2 {[%clk 0:37:00]} Bb6 {[%clk 1:19:48]} Qxc6 {[%clk 0:36:11]}
Qxb2 {[%clk 1:19:05]} Nf4 {[%clk 0:36:28]} Rac8 {[%clk 1:15:50]} Qa4 {[%clk
0:33:08]} Qe5 {[%clk 1:13:20]} Nxe6 {[%clk 0:33:29]} fxe6 {[%clk 1:12:49]} Rad1
{[%clk 0:27:00]} Rf8 {[%clk 1:12:57]} Qg4 {[%clk 0:27:10]} Rf6 {[%clk 1:12:31]}
g3 {[%clk 0:16:27]} Qb2 {[%clk 1:12:36]} a4 {[%clk 0:15:19]} Qa3 {[%clk
1:11:10]} Rd2 {[%clk 0:13:21]} Rc3 {[%clk 1:10:25]} Rfd1 {[%clk 0:13:01]} Ba5
{[%clk 1:09:48]} Qe2 {[%clk 0:12:39]} Qxa4 {[%clk 1:08:20]} Ra2 {[%clk 0:13:00]}
Ra3 {[%clk 1:08:37]} Rda1 {[%clk 0:13:17]} Rxa2 {[%clk 1:08:38]} Qxa2 {[%clk
0:13:36]} Qxa2 {[%clk 1:08:51]} Rxa2 {[%clk 0:14:05]} Bb6 {[%clk 1:09:11]} Bb5
{[%clk 0:09:34]} Kf7 {[%clk 1:07:47]} Ra3 {[%clk 0:09:30]} Ke7 {[%clk 1:08:07]}
Kf1 {[%clk 0:09:20]} Rf8 {[%clk 1:08:07]} Ke2 {[%clk 0:05:23]} Rc8 {[%clk
1:08:35]} Kd2 {[%clk 0:05:33]} a5 {[%clk 1:08:49]} Rc3 {[%clk 0:05:28]} Bc5
{[%clk 1:06:59]} Kd3 {[%clk 0:04:34]} Kd6 {[%clk 1:07:28]} Ba4 {[%clk 0:04:55]}
Rb8 {[%clk 1:07:31]} Rb3 {[%clk 0:05:19]} Bb4 {[%clk 1:07:52]} Rb1 {[%clk
0:04:54]} Rc8 {[%clk 1:07:56]} Ke2 {[%clk 0:01:43]} Rc3 {[%clk 1:08:20]} Rb2
{[%clk 0:01:21]} Ra3 {[%clk 1:08:04]} Be8 {[%clk 0:15:02]} e5 {[%clk 1:18:18]}
Kd1 {[%clk 0:08:02]} Ra1+ {[%clk 1:14:22]} Kc2 {[%clk 0:08:31]} Kc5 {[%clk
1:14:15]} Kb3 {[%clk 0:08:08]} a4+ {[%clk 1:13:13]} Kc2 {[%clk 0:08:31]} e4
{[%clk 1:12:27]} Rb1 {[%clk 0:08:48]} Rxb1 {[%clk 1:12:33]} Kxb1 {[%clk
0:09:17]} Be1 {[%clk 1:12:54]} Bxa4 {[%clk 0:09:40]} Bxf2 {[%clk 1:13:20]} Kc2
{[%clk 0:09:51]} Bxe3 {[%clk 1:13:45]} h3 {[%clk 0:09:53]} Bf2 {[%clk 1:13:58]}
g4 {[%clk 0:10:21]} d4 {[%clk 1:14:15]} Kd2 {[%clk 0:10:49]} d3 {[%clk 1:14:39]}

[Variant "Standard"]
[Site "Europe Echecs"]

[Event "Open International Graz"]
[Date "2026.02.15"]
[White "Ben Ari, Yannay"]
[Black "Golis, Wiktor"]
[WhiteElo "2467"]
[BlackElo "2288"]
[Round "2.2.9"]
[Result "1-0"]

c4 {[%clk 1:30:56]} e6 {[%clk 1:27:46]} Nc3 {[%clk 1:31:22]} d5 {[%clk 1:28:07]}
d4 {[%clk 1:31:43]} Nf6 {[%clk 1:28:28]} cxd5 {[%clk 1:32:03]} exd5 {[%clk
1:28:50]} Bg5 {[%clk 1:32:23]} c6 {[%clk 1:28:55]} e3 {[%clk 1:32:44]} Bd6
{[%clk 1:29:07]} Bd3 {[%clk 1:32:53]} O-O {[%clk 1:29:18]} Nf3 {[%clk 1:31:03]}
Re8 {[%clk 1:28:08]} O-O {[%clk 1:31:16]} Bg4 {[%clk 1:25:40]} Qb3 {[%clk
1:31:11]} Na6 {[%clk 1:24:00]} Rac1 {[%clk 1:24:18]} Rb8 {[%clk 1:15:58]} a3
{[%clk 1:04:06]} Nc7 {[%clk 1:13:20]} Bh4 {[%clk 1:01:41]} Qd7 {[%clk 1:03:54]}
Qc2 {[%clk 0:50:36]} Bxf3 {[%clk 0:48:56]} Bf5 {[%clk 0:47:53]} Qd8 {[%clk
0:47:45]} Bxh7+ {[%clk 0:41:58]} Kh8 {[%clk 0:42:06]} gxf3 {[%clk 0:42:20]} g6
{[%clk 0:40:31]} Bxg6 {[%clk 0:41:49]} Rg8 {[%clk 0:38:30]} Kh1 {[%clk 0:42:35]}
Rxg6 {[%clk 0:38:52]} f4 {[%clk 0:33:43]} Be7 {[%clk 0:27:12]} Qf5 {[%clk
0:27:03]} Qc8 {[%clk 0:14:25]} Bxf6+ {[%clk 0:17:17]} Bxf6 {[%clk 0:13:19]} Qh5+
{[%clk 0:17:45]} Kg8 {[%clk 0:06:12]} Rg1 {[%clk 0:15:24]} Rxg1+ {[%clk
0:04:50]} Rxg1+ {[%clk 0:15:42]} Kf8 {[%clk 0:05:19]} e4 {[%clk 0:15:25]} Bxd4
{[%clk 0:02:32]} e5 {[%clk 0:05:59]} Ne8 {[%clk 0:01:16]} Ne2 {[%clk 0:06:26]}
Bxf2 {[%clk 0:01:01]} Rg2 {[%clk 0:05:13]} Bc5 {[%clk 0:00:43]} f5 {[%clk
0:03:18]} Ke7 {[%clk 0:00:37]} b4 {[%clk 0:02:03]} Bd6 {[%clk 0:00:33]} f6+
{[%clk 0:01:35]} Kd8 {[%clk 0:00:35]} Nd4 {[%clk 0:00:55]} Bxe5 {[%clk 0:00:33]}
Qxe5 {[%clk 0:01:19]} Qc7 {[%clk 0:01:00]} Qg5 {[%clk 0:00:32]} Qd6 {[%clk
0:00:32]} Re2 {[%clk 0:00:58]} c5 {[%clk 0:00:32]} Qg8 {[%clk 0:00:40]} Qxf6
{[%clk 0:00:31]} Qxe8+ {[%clk 0:00:48]} Kc7 {[%clk 0:00:56]} Re7+ {[%clk
0:01:01]}

[Variant "Standard"]
[Site "Europe Echecs"]

[Event "Open International Graz"]
[Date "2026.02.15"]
[White "Safarov, Deniel"]
[Black "Yaniv, Yuval"]
[WhiteElo "2287"]
[BlackElo "2467"]
[Round "2.2.10"]
[Result "1/2-1/2"]

Nf3 {[%clk 1:30:57]} c5 {[%clk 1:27:15]} c4 {[%clk 1:31:00]} Nf6 {[%clk
1:26:59]} Nc3 {[%clk 1:30:37]} e6 {[%clk 1:26:23]} d4 {[%clk 1:30:09]} cxd4
{[%clk 1:23:50]} Nxd4 {[%clk 1:30:31]} d5 {[%clk 1:13:18]} cxd5 {[%clk 1:29:18]}
Nxd5 {[%clk 1:12:48]} Bd2 {[%clk 1:26:26]} Bc5 {[%clk 1:06:53]} Nb3 {[%clk
1:22:16]} Bb6 {[%clk 1:05:28]} g3 {[%clk 1:19:27]} a5 {[%clk 0:58:09]} a4 {[%clk
1:14:15]} Nc6 {[%clk 0:56:42]} Bg2 {[%clk 1:13:26]} Ncb4 {[%clk 0:53:35]} O-O
{[%clk 1:12:31]} O-O {[%clk 0:53:40]} Nb5 {[%clk 1:08:27]} Bd7 {[%clk 0:50:09]}
e4 {[%clk 1:06:37]} Bxb5 {[%clk 0:44:27]} axb5 {[%clk 1:06:57]} Nc7 {[%clk
0:44:14]} Bxb4 {[%clk 0:59:50]} axb4 {[%clk 0:44:05]} Rxa8 {[%clk 1:00:13]} Nxa8
{[%clk 0:40:53]} Qe2 {[%clk 0:56:54]} e5 {[%clk 0:36:06]} Rd1 {[%clk 0:54:45]}
Qf6 {[%clk 0:33:40]} Qf3 {[%clk 0:52:50]} Qe6 {[%clk 0:33:38]} Bf1 {[%clk
0:48:37]} Nc7 {[%clk 0:32:04]} Rc1 {[%clk 0:42:04]} Qe7 {[%clk 0:28:13]} Bc4
{[%clk 0:37:47]} g6 {[%clk 0:26:41]} Rd1 {[%clk 0:32:00]} Ne6 {[%clk 0:25:12]}
Kg2 {[%clk 0:29:48]} Kg7 {[%clk 0:23:18]} Rd2 {[%clk 0:28:36]} Rc8 {[%clk
0:19:53]} Qe2 {[%clk 0:26:12]} Rc7 {[%clk 0:17:57]} Bxe6 {[%clk 0:25:41]} Qxe6
{[%clk 0:15:07]} Rd5 {[%clk 0:24:45]} Qc8 {[%clk 0:15:08]} Qd1 {[%clk 0:18:51]}
Rc2 {[%clk 0:11:50]} Rd2 {[%clk 0:19:03]} Rxd2 {[%clk 0:08:04]} Qxd2 {[%clk
0:19:11]} h5 {[%clk 0:05:37]} Qd6 {[%clk 0:11:32]} Qc2 {[%clk 0:05:37]} Qxb6
{[%clk 0:10:12]} Qxe4+ {[%clk 0:05:53]} Kg1 {[%clk 0:10:10]} Qe1+ {[%clk
0:06:04]} Kg2 {[%clk 0:10:35]}

[Variant "Standard"]
[Site "Europe Echecs"]

[Event "Open International Graz"]
[Date "2026.02.15"]
[White "Zverev, Lev"]
[Black "Wendl, Philipp"]
[WhiteElo "2453"]
[BlackElo "2285"]
[Round "2.2.11"]
[Result "1-0"]

e4 {[%clk 1:26:41]} c5 {[%clk 1:30:43]} Nf3 {[%clk 1:27:07]} e6 {[%clk 1:31:00]}
d4 {[%clk 1:27:31]} cxd4 {[%clk 1:31:22]} Nxd4 {[%clk 1:27:56]} Nf6 {[%clk
1:31:38]} Nc3 {[%clk 1:28:20]} Nc6 {[%clk 1:32:02]} Bf4 {[%clk 1:28:44]} Bb4
{[%clk 1:27:18]} Nb5 {[%clk 1:29:03]} O-O {[%clk 1:22:07]} Bc7 {[%clk 1:28:15]}
Qe7 {[%clk 1:21:37]} Bd6 {[%clk 1:28:39]} Bxd6 {[%clk 1:21:59]} Qxd6 {[%clk
1:29:04]} Ne8 {[%clk 1:22:05]} Qxe7 {[%clk 1:27:57]} Nxe7 {[%clk 1:21:00]} O-O-O
{[%clk 1:24:31]} f5 {[%clk 1:19:15]} f3 {[%clk 1:12:35]} a6 {[%clk 1:14:46]} Nd6
{[%clk 1:12:27]} Nxd6 {[%clk 1:15:01]} Rxd6 {[%clk 1:12:51]} fxe4 {[%clk
1:15:20]} Nxe4 {[%clk 1:12:27]} Nf5 {[%clk 1:13:10]} Rb6 {[%clk 1:12:28]} d5
{[%clk 1:02:31]} Nc5 {[%clk 1:11:12]} e5 {[%clk 0:58:41]} Bd3 {[%clk 1:00:46]}
Rf6 {[%clk 0:49:23]} Rxf6 {[%clk 0:55:10]} gxf6 {[%clk 0:49:45]} Nxb7 {[%clk
0:55:26]} Nh4 {[%clk 0:49:48]} Nc5 {[%clk 0:53:18]} Ra7 {[%clk 0:49:36]} Rd1
{[%clk 0:47:23]} a5 {[%clk 0:42:34]} Bc4 {[%clk 0:32:17]} dxc4 {[%clk 0:42:17]}
Rd8+ {[%clk 0:32:41]} Kf7 {[%clk 0:37:07]} Rxc8 {[%clk 0:33:04]} Nxg2 {[%clk
0:37:30]} Ne4 {[%clk 0:32:57]} Ne3 {[%clk 0:12:59]} Kd2 {[%clk 0:30:42]} Nf5
{[%clk 0:12:11]} Rxc4 {[%clk 0:26:59]} Rd7+ {[%clk 0:11:52]} Ke2 {[%clk
0:26:05]} Nd4+ {[%clk 0:11:46]} Kf2 {[%clk 0:26:24]} f5 {[%clk 0:11:07]} Nc5
{[%clk 0:25:16]} Rd5 {[%clk 0:11:02]} Ke3 {[%clk 0:19:35]} Kf6 {[%clk 0:09:46]}
Nd3 {[%clk 0:19:33]} Ne6 {[%clk 0:08:02]} c3 {[%clk 0:17:27]} f4+ {[%clk
0:05:57]} Ke4 {[%clk 0:16:20]} Rb5 {[%clk 0:01:49]} Rc6 {[%clk 0:15:58]} a4
{[%clk 0:01:53]} c4 {[%clk 0:15:29]} Ra5 {[%clk 0:01:26]} c5 {[%clk 0:15:03]}
Rb5 {[%clk 0:01:20]} Kd5 {[%clk 0:15:24]}

[Variant "Standard"]
[Site "Europe Echecs"]

[Event "Open International Graz"]
[Date "2026.02.15"]
[White "Nurgaliyeva, Zarina"]
[Black "Diermair, Andreas"]
[WhiteElo "2286"]
[BlackElo "2447"]
[Round "2.2.12"]
[Result "1/2-1/2"]

e4 {[%clk 1:30:21]} e5 {[%clk 1:30:50]} Nf3 {[%clk 1:30:35]} Nc6 {[%clk
1:31:15]} Bb5 {[%clk 1:30:50]} a6 {[%clk 1:31:32]} Ba4 {[%clk 1:31:15]} Nf6
{[%clk 1:31:01]} O-O {[%clk 1:31:32]} Be7 {[%clk 1:31:24]} d3 {[%clk 1:31:33]}
b5 {[%clk 1:31:23]} Bb3 {[%clk 1:31:58]} d6 {[%clk 1:30:08]} Bd2 {[%clk
1:32:15]} O-O {[%clk 1:30:01]} h3 {[%clk 1:32:38]} Rb8 {[%clk 1:23:13]} Re1
{[%clk 1:31:04]} h6 {[%clk 1:20:32]} a4 {[%clk 1:30:07]} b4 {[%clk 1:20:04]} c3
{[%clk 1:24:00]} Be6 {[%clk 1:17:37]} Bxe6 {[%clk 1:12:06]} fxe6 {[%clk
1:18:01]} d4 {[%clk 1:11:20]} exd4 {[%clk 1:07:03]} cxd4 {[%clk 1:11:28]} Qd7
{[%clk 0:57:52]} Qe2 {[%clk 0:58:02]} Na5 {[%clk 0:48:01]} Bf4 {[%clk 0:35:37]}
Nb3 {[%clk 0:38:12]} Ra2 {[%clk 0:35:58]} Nh5 {[%clk 0:31:57]} Bh2 {[%clk
0:33:34]} Qc6 {[%clk 0:31:26]} Nfd2 {[%clk 0:11:40]} Nc1 {[%clk 0:30:11]} Qxh5
{[%clk 0:12:03]} Nxa2 {[%clk 0:30:32]} Qg4 {[%clk 0:09:45]} Rf6 {[%clk 0:25:53]}
e5 {[%clk 0:05:45]} Rf5 {[%clk 0:26:01]} exd6 {[%clk 0:06:06]} Bxd6 {[%clk
0:25:51]} Bxd6 {[%clk 0:05:08]} cxd6 {[%clk 0:17:17]} Qd1 {[%clk 0:02:33]} b3
{[%clk 0:14:42]} Nxb3 {[%clk 0:02:32]} Qd5 {[%clk 0:13:45]} N1d2 {[%clk
0:02:10]} Nb4 {[%clk 0:13:14]} Nf1 {[%clk 0:01:10]} Nc6 {[%clk 0:11:55]} Re3
{[%clk 0:01:17]} e5 {[%clk 0:09:42]} Rd3 {[%clk 0:01:23]} Qf7 {[%clk 0:09:07]}
f3 {[%clk 0:01:04]} exd4 {[%clk 0:07:40]} Nxd4 {[%clk 0:01:24]} Nxd4 {[%clk
0:07:25]} Rxd4 {[%clk 0:01:49]} Rxb2 {[%clk 0:07:11]} Rxd6 {[%clk 0:01:40]} Qa7+
{[%clk 0:06:34]} Kh1 {[%clk 0:01:15]} Qf2 {[%clk 0:04:07]} Rg6 {[%clk 0:01:33]}
Rg5 {[%clk 0:03:37]} Rxg5 {[%clk 0:01:07]} hxg5 {[%clk 0:04:05]} Qd5+ {[%clk
0:00:51]} Kh7 {[%clk 0:03:24]} Qe4+ {[%clk 0:00:50]} Kg8 {[%clk 0:01:15]} Qd5+
{[%clk 0:01:14]}

[Variant "Standard"]
[Site "Europe Echecs"]

[Event "Open International Graz"]
[Date "2026.02.15"]
[White "Dovgaliuk, Oleksandr"]
[Black "Tisaj, Domen"]
[WhiteElo "2284"]
[BlackElo "2436"]
[Round "2.2.13"]
[Result "1/2-1/2"]

e4 {[%clk 1:30:58]} c6 {[%clk 1:30:12]} d4 {[%clk 1:31:21]} d5 {[%clk 1:30:35]}
exd5 {[%clk 1:30:15]} cxd5 {[%clk 1:30:53]} Bd3 {[%clk 1:30:40]} Nc6 {[%clk
1:30:24]} c3 {[%clk 1:30:29]} e6 {[%clk 1:30:01]} Nf3 {[%clk 1:29:19]} Bd6
{[%clk 1:30:11]} O-O {[%clk 1:29:34]} Nge7 {[%clk 1:30:25]} Re1 {[%clk 1:29:05]}
Qc7 {[%clk 1:26:16]} a4 {[%clk 1:25:43]} h6 {[%clk 1:12:11]} Na3 {[%clk
1:24:26]} a6 {[%clk 1:12:21]} Qe2 {[%clk 1:20:13]} O-O {[%clk 1:10:33]} b4
{[%clk 1:07:19]} f6 {[%clk 1:09:20]} b5 {[%clk 0:56:47]} Na5 {[%clk 1:02:04]}
Bb2 {[%clk 0:55:43]} Qb6 {[%clk 0:56:33]} c4 {[%clk 0:48:11]} dxc4 {[%clk
0:55:19]} Nxc4 {[%clk 0:48:16]} Nxc4 {[%clk 0:55:40]} Bxc4 {[%clk 0:48:44]} Nd5
{[%clk 0:55:11]} a5 {[%clk 0:46:51]} Qc7 {[%clk 0:54:03]} b6 {[%clk 0:45:36]}
Qf7 {[%clk 0:50:24]} Ba3 {[%clk 0:44:20]} Bxa3 {[%clk 0:49:54]} Rxa3 {[%clk
0:44:48]} Bd7 {[%clk 0:49:42]} Bxd5 {[%clk 0:45:02]} exd5 {[%clk 0:50:03]} Re3
{[%clk 0:33:05]} Rfe8 {[%clk 0:46:59]} Rc1 {[%clk 0:28:26]} Bb5 {[%clk 0:45:28]}
Qd2 {[%clk 0:27:15]} Rxe3 {[%clk 0:45:00]} Qxe3 {[%clk 0:27:12]} Re8 {[%clk
0:44:24]} Qc3 {[%clk 0:25:44]} Re6 {[%clk 0:31:42]} Qc8+ {[%clk 0:23:39]} Re8
{[%clk 0:31:54]} Qc3 {[%clk 0:18:57]} Re6 {[%clk 0:32:15]} Qc8+ {[%clk 0:19:23]}
Re8 {[%clk 0:32:38]}

[Variant "Standard"]
[Site "Europe Echecs"]

[Event "Open International Graz"]
[Date "2026.02.15"]
[White "Shahil Dey"]
[Black "Stamatiou, Rodolfos"]
[WhiteElo "2435"]
[BlackElo "2273"]
[Round "2.2.14"]
[Result "0-1"]

e4 {[%clk 1:30:58]} c5 {[%clk 1:25:31]} Nf3 {[%clk 1:31:22]} d6 {[%clk 1:25:28]}
d4 {[%clk 1:31:49]} cxd4 {[%clk 1:25:55]} Qxd4 {[%clk 1:32:15]} Nc6 {[%clk
1:26:20]} Qe3 {[%clk 1:30:48]} g6 {[%clk 1:26:06]} Be2 {[%clk 1:30:59]} Bg7
{[%clk 1:26:07]} O-O {[%clk 1:30:54]} Nf6 {[%clk 1:25:50]} h3 {[%clk 1:30:50]}
O-O {[%clk 1:26:14]} Nc3 {[%clk 1:29:52]} Nd7 {[%clk 1:22:58]} Rb1 {[%clk
1:25:07]} Qb6 {[%clk 1:19:09]} Qd2 {[%clk 1:15:39]} Nc5 {[%clk 1:14:45]} b4
{[%clk 1:11:31]} Bxc3 {[%clk 1:12:53]} Qxc3 {[%clk 1:09:59]} Nxe4 {[%clk
1:13:00]} Qb2 {[%clk 1:07:52]} Ng3 {[%clk 1:06:47]} Re1 {[%clk 0:59:59]} Nxe2+
{[%clk 1:06:05]} Rxe2 {[%clk 1:00:24]} e5 {[%clk 1:02:16]} Bh6 {[%clk 0:59:48]}
Re8 {[%clk 0:58:23]} Rd2 {[%clk 0:47:34]} Ne7 {[%clk 0:54:36]} g4 {[%clk
0:47:04]} Qc6 {[%clk 0:46:45]} Nd4 {[%clk 0:44:46]} Qc4 {[%clk 0:41:06]} Rbd1
{[%clk 0:34:03]} b6 {[%clk 0:36:39]} Qb3 {[%clk 0:29:45]} Qxb3 {[%clk 0:34:11]}
Nxb3 {[%clk 0:30:10]} d5 {[%clk 0:32:54]} Bg5 {[%clk 0:29:50]} Be6 {[%clk
0:26:18]} Re1 {[%clk 0:29:56]} e4 {[%clk 0:22:33]} Nd4 {[%clk 0:29:31]} Bd7
{[%clk 0:18:13]} Ne2 {[%clk 0:22:46]} Nc6 {[%clk 0:16:31]} Rxd5 {[%clk 0:19:37]}
Be6 {[%clk 0:15:52]} Rd6 {[%clk 0:19:12]} Nxb4 {[%clk 0:13:59]} Nc3 {[%clk
0:14:55]} f5 {[%clk 0:10:50]} Nb5 {[%clk 0:13:01]} Rac8 {[%clk 0:08:39]} Nxa7
{[%clk 0:04:40]} Rxc2 {[%clk 0:09:03]} Rb1 {[%clk 0:05:01]} Nd3 {[%clk 0:04:58]}
Be3 {[%clk 0:05:07]} f4 {[%clk 0:04:08]} Bxb6 {[%clk 0:04:09]} Bxa2 {[%clk
0:04:28]} Rd1 {[%clk 0:03:40]} Re6 {[%clk 0:01:52]} Rxe6 {[%clk 0:02:15]} Bxe6
{[%clk 0:02:20]} f3 {[%clk 0:02:38]} Ne5 {[%clk 0:02:25]} Bf2 {[%clk 0:00:32]}
e3 {[%clk 0:02:16]}

[Variant "Standard"]
[Site "Europe Echecs"]